Alphabetical Pokemon - Generation I - Statistics

General Stats
  • This quiz has been taken 297 times
  • The average score is 83 of 151
Answer Stats
Type Pokemon % Correct
Psychic Abra
99%
Psychic Alakazam
85%
Fire Arcanine
80%
Rock/Flying Aerodactyl
78%
Poison Arbok
78%
Ice/Flying Articuno
76%
Bug/Poison Beedrill
74%
Grass/Poison Bulbasaur
72%
Fire Charmander
72%
Fire Charmeleon
72%
Fire/Flying Charizard
71%
Fairy Clefairy
70%
Dragon Dragonair
70%
Bug/Flying Butterfree
69%
Bug Caterpie
69%
Dragon/Flying Dragonite
69%
Dragon Dratini
69%
Ghost/Poison Gastly
69%
Ghost/Poison Gengar
69%
Water Blastoise
68%
Fairy Clefable
68%
Rock/Ground Geodude
68%
Ghost/Poison Haunter
66%
Electric Electabuzz
65%
Electric Electrode
65%
Rock/Ground Golem
65%
Rock/Ground Graveler
65%
Fighting Hitmonlee
65%
Grass/Poison Bellsprout
64%
Normal/Flying Fearow
64%
Fighting Hitmonchan
64%
Fire Flareon
63%
Poison Ekans
62%
Ice/Psychic Jynx
62%
Psychic Kadabra
62%
Fighting Machamp
62%
Fighting Machoke
62%
Electric/Steel Magnemite
62%
Water/Ice Dewgong
61%
Psychic Drowzee
61%
Fire Growlithe
61%
Electric Jolteon
61%
Ground Diglett
60%
Grass/Poison Gloom
60%
Rock/Water Kabuto
60%
Rock/Water Kabutops
60%
Fighting Machop
60%
Water/Ice Cloyster
59%
Water Goldeen
59%
Normal/Fairy Jigglypuff
59%
Electric/Steel Magneton
59%
Fire/Flying Moltres
59%
Normal Chansey
58%
Normal/Flying Dodrio
58%
Normal/Flying Doduo
58%
Ground Dugtrio
58%
Grass/Psychic Exeggcute
58%
Grass/Psychic Exeggutor
58%
Water/Flying Gyarados
58%
Bug/Poison Kakuna
58%
Normal/Flying Pidgeot
58%
Normal/Flying Pidgeotto
58%
Normal/Flying Pidgey
58%
Normal Eevee
57%
Poison/Flying Golbat
57%
Water Horsea
57%
Psychic Hypno
57%
Water/Ice Lapras
57%
Electric Pikachu
57%
Electric/Flying Zapdos
56%
Normal/Flying Farfetch’d
55%
Water Golduck
55%
Grass/Poison Ivysaur
55%
Normal Kangaskhan
55%
Psychic Mew
55%
Psychic Mewtwo
55%
Poison Nidoran♀
55%
Poison Nidorina
55%
Fire Ninetales
55%
Poison Grimer
54%
Poison Koffing
54%
Fighting Mankey
54%
Poison/Ground Nidoking
54%
Poison/Ground Nidoqueen
54%
Poison Nidoran♂
54%
Poison Nidorino
54%
Grass/Poison Oddish
54%
Rock/Water Omanyte
54%
Rock/Water Omastar
53%
Rock/Ground Onix
53%
Fire Magmar
52%
Poison Muk
52%
Water Poliwag
52%
Electric Raichu
52%
Bug Metapod
51%
Bug/Grass Paras
51%
Water/Fighting Poliwrath
51%
Ground Cubone
50%
Bug/Grass Parasect
50%
Water Poliwhirl
50%
Fire Rapidash
50%
Water Krabby
49%
Water Magikarp
49%
Fire Ponyta
49%
Poison/Flying Zubat
49%
Water Kingler
48%
Fighting Primeape
48%
Ground/Rock Rhydon
47%
Water/Psychic Starmie
47%
Grass/Poison Venusaur
47%
Normal Ditto
46%
Ground/Rock Rhyhorn
46%
Grass/Poison Victreebel
46%
Psychic/Fairy Mr. Mime
45%
Bug/Flying Scyther
45%
Water Staryu
45%
Water/Poison Tentacool
45%
Water/Poison Tentacruel
45%
Bug/Poison Venomoth
45%
Bug/Poison Venonat
45%
Grass/Poison Vileplume
45%
Electric Voltorb
45%
Fire Vulpix
45%
Water Seaking
44%
Bug/Poison Weedle
44%
Water/Psychic Slowbro
43%
Normal/Fairy Wigglytuff
43%
Normal Meowth
42%
Bug Pinsir
42%
Water Seadra
42%
Water/Psychic Slowpoke
42%
Normal/Flying Spearow
42%
Water Wartortle
42%
Grass/Poison Weepinbell
42%
Poison Weezing
42%
Ground Marowak
41%
Normal Persian
41%
Normal Raticate
41%
Normal Rattata
41%
Normal Lickitung
39%
Normal Porygon
39%
Ground Sandshrew
38%
Ground Sandslash
38%
Water Seel
38%
Normal Snorlax
38%
Water Vaporeon
37%
Grass Tangela
36%
Water Squirtle
35%
Normal Tauros
35%
Water Shellder
34%
Water Psyduck
32%
No matching quizzes found
Score Distribution
Percent of People with Each Score
Percentile by Number Answered
Your Score History
You have not taken this quiz